El otro Davos (Record no. 18470)

MARC details
000 -LEADER
campo de control de longitud fija 01100nam a2200313 i 4500
001 - NÚMERO DE CONTROL
campo de control 18470
003 - IDENTIFICADOR DE NÚMERO DE CONTROL
campo de control ES-MaACL
005 - FECHA Y HORA DE LA ÚLTIMA TRANSACCIÓN
campo de control 20230906151839.0
007 - CAMPO FIJO DE DESCRIPCIÓN FÍSICA--INFORMACIÓN GENERAL
campo de control de longitud fija t|
008 - DATOS DE LONGITUD FIJA--INFORMACIÓN GENERAL
campo de control de longitud fija 011106s2001 sp ||||0| spa
020 ## - NÚMERO INTERNACIONAL ESTÁNDAR DEL LIBRO
Número Internacional Estándar del Libro 84-7884-219-5
080 ## - NÚMERO DE LA CLASIFICACIÓN DECIMAL UNIVERSAL
Número de la Clasificación Decimal Universal 338.1(100)"1995/..."
080 ## - NÚMERO DE LA CLASIFICACIÓN DECIMAL UNIVERSAL
Número de la Clasificación Decimal Universal 323.2"19"
245 03 - MENCIÓN DEL TÍTULO
Título El otro Davos
Resto del título : globalización de resistencias y de luchas /
Mención de responsabilidad, etc. François Houtart y François Polet (coordinadores) ; [traducción, Benito Martínez y Víctor Valembois].
260 ## - PUBLICACIÓN, DISTRIBUCIÓN, ETC.
Lugar de publicación, distribución, etc. Madrid :
Nombre del editor, distribuidor, etc. Editorial Popular,
Fecha de publicación, distribución, etc. [2001]
300 ## - DESCRIPCIÓN FÍSICA
Extensión 205 p ;
Dimensiones 22 cm.
490 1# - MENCIÓN DE SERIE
Mención de serie 0 a la izquierda ;
Designación de volumen o secuencia 1
596 ## - NOTA AL PIE DE IMPRENTA
NOTA AL PIE DE IMPRENTA En port.: Plaza y Valdés editores.
650 14 - PUNTO DE ACCESO ADICIONAL DE MATERIA--TÉRMINO DE MATERIA
Término de materia o nombre geográfico como elemento de entrada Economía mundial-
Subdivisión cronológica 1989-2008.
9 (RLIN) 168837
650 14 - PUNTO DE ACCESO ADICIONAL DE MATERIA--TÉRMINO DE MATERIA
Término de materia o nombre geográfico como elemento de entrada Movimientos antiglobalización.
9 (RLIN) 15220
650 #4 - PUNTO DE ACCESO ADICIONAL DE MATERIA--TÉRMINO DE MATERIA
Término de materia o nombre geográfico como elemento de entrada Globalización-
Subdivisión general Aspectos económicos.
9 (RLIN) 13128
700 1# - ENTRADA AGREGADA--NOMBRE PERSONAL
Nombre de persona Houtart, François.
9 (RLIN) 64361
700 1# - ENTRADA AGREGADA--NOMBRE PERSONAL
Nombre de persona Polet, François.
9 (RLIN) 92811
700 1# - ENTRADA AGREGADA--NOMBRE PERSONAL
Nombre de persona Martínez, Benito.
9 (RLIN) 77721
700 1# - ENTRADA AGREGADA--NOMBRE PERSONAL
Nombre de persona Valembois, Victor.
9 (RLIN) 112559
830 1# - PUNTO DE ACCESO ADICIONAL DE SERIE-TÍTULO UNIFORME
Título uniforme 0 a la izquierda ;
Designación de volumen o secuencia 1
9 (RLIN) 183192
852 ## - LOCALIZACIÓN
Ubicación ES-MaACL
Número de control de estantería L-25099
Holdings
Estatus retirado Estado de pérdida Estado de daño No para préstamo Biblioteca de origen Biblioteca actual Ubicación en estantería Fecha de adquisición Fuente de adquisición Total de préstamos Signatura topográfica completa Código de barras Visto por última vez Precio de reemplazo Tipo de ítem Koha
        Biblioteca del Ateneo de Madrid Biblioteca del Ateneo de Madrid Depósito 2 17/01/2008     L-25099 1018896 23/02/2023 23/02/2023 Libro impreso